Zhodnotenie stavu nezamestnanosti na Slovensku
Nezamestnanosť je faktor, ktorý ovplyvňuje ekonomickú bezpečnosť jednotlivcov aj celej spoločnosti. Miera rizika chudoby je jedným z hlavných faktorov súvisiacich so sociálnou nerovnosťou a sociálnou ochranou. Tento príspevok sa zameriava na zmeny v miere nezamestnanosti na Slovensku v rokoch 2011 a...
Na minha lista:
| Autor principal: | |
|---|---|
| Formato: | Capítulo de Livro |
| Idioma: | eslovaco |
| Assuntos: | |
| Tags: |
Sem tags, seja o primeiro a adicionar uma tag!
|
MARC
| LEADER | 00000naa$a2200000$$$4500 | ||
|---|---|---|---|
| 001 | 0296608 | ||
| 005 | 20240502074510.1 | ||
| 041 | 0 | |a slo | |
| 044 | |a SK | ||
| 245 | 1 | 0 | |a Zhodnotenie stavu nezamestnanosti na Slovensku |c Klaudia Bžanová |
| 520 | |a Nezamestnanosť je faktor, ktorý ovplyvňuje ekonomickú bezpečnosť jednotlivcov aj celej spoločnosti. Miera rizika chudoby je jedným z hlavných faktorov súvisiacich so sociálnou nerovnosťou a sociálnou ochranou. Tento príspevok sa zameriava na zmeny v miere nezamestnanosti na Slovensku v rokoch 2011 až 2021 a skúma rozdiely medzi mierou nezamestnanosti mužov a žien, vzdelanostnú štruktúru nezamestnaných a dlhodobú nezamestnanosť. Nepredkladá konkrétne výsledky ani podrobné závery, ale poskytuje skôr všeobecný prehľad a analýzu týchto aspektov. Cieľom príspevku je poskytnúť všeobecný prehľad o vývoji a charakteristikách nezamestnanosti na Slovensku. | ||
| 610 | 2 | 0 | |a nezamestnanosť dlhodobá |
| 610 | 2 | 0 | |a miera nezamestnanosti |
| 610 | 2 | 0 | |a vzdelanie |
| 610 | 2 | 0 | |a muži |
| 610 | 2 | 0 | |a ženy |
| 610 | 2 | 0 | |a Slovensko |
| 100 | 1 | |a Bžanová, Klaudia, 1997- | |